000 00454nam a2200169Ia 4500
003 GCL
008 140319s9999 xx 000 0 eng d
040 _aGCL /
_cGCL
082 0 4 _a920.72
_bL V
100 1 _aLEHMANN M., JENNIBER
245 1 0 _aVIRGINIA WOOLF WITH 136 ILLUSTRATION /
_cLEHMANN M., JENNIBER
260 _a[S.N] :
_bTHAMES AND HUDSON ،
_c1975
300 _a128 P
650 0 4 _aWOOLF VIRGINIA
650 0 4 _aBIOGRAPHIES
942 _2ddc
_cBK
999 _c11710
_d11710